| 000 | 00635nam a22002057a 4500 | ||
|---|---|---|---|
| 005 | 20241028142525.0 | ||
| 010 | _aENG-142480 | ||
| 020 |
_c695.00 _a9788182473744 |
||
| 035 | _aEN-126012 | ||
| 037 | _bDBAD/PUB | ||
| 082 | _a796 | ||
| 100 |
_aSingh, R.K. _973559 |
||
| 245 |
_aResearch Methodology in physical Education & Sports/ _cby R. K. Singh |
||
| 250 | _a1 | ||
| 260 |
_aHaryana _bDelhi Book Bureau _c2012 |
||
| 270 |
_bHaryana _aS.C.O. 43, First Floor Swastik Vihar MDC Panchkula _e110027 |
||
| 300 |
_a253p. _c21cm(hbk) |
||
| 700 |
_aNaresh Kumar Ambastha _eAuthor _973551 |
||
| 942 |
_2ddc _cEN _h796 _mSIN |
||
| 999 |
_c206808 _d206808 |
||